00474nam a2200133Ia 4500008004100000020001800041041000800059082001600067100001700083245003200100260005100132999001900183952013800202230717s1999 xx 000 0 und d a81-7588-056-2 aeng a346.07bGUR aGururaj B. N aModvat : Law And Procedures aNew DelhibCentax Publications Pvt. Ltd.c1999 c673532d673532 001040708NLP Social WelfareaNLPbNLPcNLP-134d2000-03-30g350.00l0o346.07 GURpNLP-NS0188r2023-07-17 00:00:00w2023-07-17yBK